Промышленная безопасность: учебное пособие для вузов

Dades bibliogràfiques
Autor principal: Трефилов В. А. Виктор Александрович
Autor corporatiu: Пермский государственный технический университет (ПГТУ)
Idioma:rus
Publicat: Пермь, Изд-во Пермского ГТУ, 2008
Format: MixedMaterials Llibre
KOHA link:https://koha.lib.tpu.ru/cgi-bin/koha/opac-detail.pl?biblionumber=135554

MARC

LEADER 00000nam1a2200000 4500
001 135554
005 20231031140120.0
035 |a (RuTPU)RU\TPU\book\146908 
090 |a 135554 
100 |a 20080412d2008 m y0rusy50 ca 
101 0 |a rus 
102 |a RU 
200 1 |a Промышленная безопасность  |e учебное пособие для вузов  |f В. А. Трефилов  |g Пермский государственный технический университет (ПГТУ) 
210 |a Пермь  |c Изд-во Пермского ГТУ  |d 2008 
700 1 |a Трефилов  |b В. А.  |g Виктор Александрович 
712 0 2 |a Пермский государственный технический университет (ПГТУ)  |2 stltpush  |3 (RuTPU)RU\TPU\col\371 
801 1 |a RU  |b 63413507  |c 20080412  |g PSBO 
801 2 |a RU  |b 63413507  |c 20081020  |g PSBO 
942 |c BK